[Event "Tourn. n9970"]
[Site "www.echecsemail.com"]
[Date "2018.12.29"]
[Round "1"]
[White "Gandalf50"]
[Black "Ff333"]
[WhiteElo "2170"]
[BlackElo "2070"]
[Result "1-0"]
[Round "1"]
1.c4 e5
2.Ng1f3 e4
3.Nf3d4 Qd8f6
4.e3 Nb8c6
5.Nd4xc6 Qf6xc6
6.Nb1c3 f5
7.d4 Bf8b4
8.Bc1d2 Ng8f6
9.a3 Bb4xc3
10.Bd2xc3 O-O
11.d5 Qc6a6
12.c5 b5
13.a4 c6
14.axb5 Qa6b7
15.bxc6 dxc6
16.d6 Bc8e6
17.Qd1a4 Nf6d7
18.Qa4d4 Rf8f7
19.Bf1c4 Be6xc4
20.Qd4xc4 Ra8f8
21.O-O Rf8a8
22.b4 a6
23.Rf1b1 Kf8
24.Ra1a5 Nd7b8
25.Rb1a1 Rf7d7
26.h4 Ra8a7
27.h5 h6
28.g3 Rd7f7
29.Qc4e6 Nb8d7
30.g4 fxg4
31.Qe6xe4 Nd7f6
32.Bc3xf6 Rf7xf6
33.Qe4xg4 Kf7
34.Qg4c4 Rf6e6
35.Ra5xa6 Ra7xa6
36.Ra1xa6 Qb7c8
37.Ra6a7 Kf8
38.d7 { resign }
1-0

[Event "Match"]
[Site "www.echecsemail.com"]
[Date "2018.12.29"]
[Round "1"]
[White "Chapi"]
[Black "Zack1984"]
[WhiteElo "2070"]
[BlackElo "2310"]
[Result "0-1"]
[Round "1"]
1.d4 b5
2.e4 a6
3.Bc1f4 Bc8b7
4.Nb1d2 e6
5.Ng1f3 Ng8f6
6.Bf1d3 d5
7.exd5 Nf6xd5
8.Bf4g3 c5
9.O-O c4
10.Bd3e4 Nb8d7
11.c3 Bf8e7
12.Qd1c2 f5
13.Be4xd5 Bb7xd5
14.Nf3e5 O-O
15.Nd2f3 Bd5xf3
16.Ne5xf3 f4
17.Bg3xf4 Rf8xf4
18.Ra1e1 Rf4f6
19.Nf3g5 Nd7f8
20.Re1e3 Qd8d5
21.Re3e5 Qd5c6
22.Rf1e1 Rf6g6
23.Qc2e4 Qc6xe4
24.Ng5xe4 Nf8d7
25.Re5h5 Nd7f6
26.Ne4xf6 Rg6xf6
27.Rh5e5 Kf7
28.g3 Be7d6
29.Re5e4 a5
30.f4 b4
31.Kg2 bxc3
32.bxc3 Ra8b8
33.Re1e2 a4
34.Re2d2 a3
35.d5 exd5
36.Re4d4 Rf6f5
37.Kf3 Rb8b2
{ resign }
0-1

[Event "Match"]
[Site "www.echecsemail.com"]
[Date "2018.12.29"]
[Round "1"]
[White "Tonino1"]
[Black "Marbachess"]
[WhiteElo "2240"]
[BlackElo "2590"]
[Result "0-1"]
[Round "1"]
1.d4 f5
2.Ng1f3 Ng8f6
3.e3 e6
4.Bf1d3 b6
5.O-O Bc8b7
6.Qd1e2 Bf8e7
7.Nb1d2 Nf6e4
8.c3 O-O
9.Nf3e1 c5
10.f3 Ne4xd2
11.Bc1xd2 d5
12.e4 Nb8c6
13.exf5 exf5
14.Qe2e6 Kh8
15.Ne1c2 Qd8c7
16.g3 Be7d6
17.Kg2 Ra8e8
18.Qe6xd5 Nc6a5
 { time }
0-1

[Event "Match"]
[Site "www.echecsemail.com"]
[Date "2018.12.29"]
[Round "1"]
[White "Apdash"]
[Black "Geodad5"]
[WhiteElo "2230"]
[BlackElo "2100"]
[Result "0-1"]
[Round "1"]
1.e4 e5
2.Ng1f3 d6
3.d4 exd4
4.Nf3xd4 Bc8d7
5.Nb1c3 Nb8c6
6.Bc1e3 Bf8e7
7.Bf1e2 Ng8f6
8.O-O O-O
9.f4 Rf8e8
10.Be2c4 Nf6g4
11.Nd4xc6 bxc6
12.Qd1e2 Ng4xe3
13.Qe2xe3 Be7f6
14.Ra1d1 Bd7e6
15.Bc4xe6 fxe6
16.e5 Bf6e7
17.exd6 Be7xd6
18.Nc3e4 Qd8e7
19.a3 h6
20.c4 Qe7f8
21.c5 Bd6e7
22.g4 Ra8d8
23.Kg2 Rd8d5
24.b4 Be7d8
25.Qe3b3 Qf8e7
26.Qb3a4 Re8f8
27.Rd1e1 Qe7h4
28.h3 Rd5d3
29.Ne4f2 Rd3g3
30.Kh2 Rf8xf4
31.Qa4xc6 Rf4xf2
32.Rf1xf2 Qh4xh3
{ resign }
0-1

[Event "Tourn. n10031"]
[Site "www.echecsemail.com"]
[Date "2018.12.29"]
[Round "1"]
[White "Tarasch"]
[Black "Bojan"]
[WhiteElo "2240"]
[BlackElo "2030"]
[Result "1-0"]
[Round "1"]
1.d4 d5
2.c4 c6
3.Ng1f3 Bc8g4
4.e3 e6
5.Nb1c3 Ng8f6
6.Bf1d3 b6
7.O-O dxc4
8.Bd3xc4 Qd8c7
9.h3 Bg4h5
10.Bc4e2 Bf8e7
11.Bc1d2 Nb8d7
12.Ra1c1 h6
13.Qd1c2 Bh5g6
14.Be2d3 Bg6h5
15.g4 Nf6xg4
16.hxg4 Bh5xg4
17.Nf3h2 Bg4h3
18.Rf1e1 e5
19.Bd3f5 Bh3xf5
20.Qc2xf5 g6
21.Qf5f3 Nd7f6
22.Nc3b5 Qc7c8
23.Qf3xc6 Qc8xc6
24.Rc1xc6 Nf6d7
25.Nb5c7 { resign }
1-0

[Event "Tourn. n9961"]
[Site "www.echecsemail.com"]
[Date "2018.12.29"]
[Round "1"]
[White "Szustan"]
[Black "Ejner"]
[WhiteElo "2560"]
[BlackElo "2460"]
[Result "0-1"]
[Round "1"]
1.e4 e6
2.d4 d5
3.Nb1c3 Bf8b4
4.e5 c5
5.a3 Bb4xc3
6.bxc3 Ng8e7
7.Qd1g4 Ne7f5
8.Bf1d3 h5
9.Qg4h3 Nb8c6
10.Ng1f3 cxd4
11.g4 Nf5e7
12.gxh5 Qd8c7
13.Bc1f4 Ne7g6
14.Qh3g4 Ng6xf4
15.Qg4xf4 dxc3
16.Qf4g4 Nc6xe5
17.Nf3xe5 Qc7xe5
18.Bd3e2 Bc8d7
19.Rh1g1 Bd7b5
20.Kf1 Bb5xe2
21.Qg4xe2 Qe5xe2
22.Kxe2 Kf8
23.Rg1g3 Ra8c8
24.Rg3h3 b6
25.Ra1d1 Rc8c4
26.Rd1d3 d4
{ resign }
0-1

[Event "Tourn. n10010"]
[Site "www.echecsemail.com"]
[Date "2018.12.29"]
[Round "1"]
[White "Luciano59"]
[Black "Apdash"]
[WhiteElo "2579"]
[BlackElo "2310"]
[Result "1-0"]
[Round "1"]
1.e4 e5
2.Ng1f3 Nb8c6
3.Bf1c4 Bf8c5
4.c3 d6
5.d4 exd4
6.cxd4 Bc5b4
7.Nb1c3 h6
8.Qd1b3 Qd8e7
9.O-O Bb4xc3
10.bxc3 b6
11.Bc4b5 Bc8d7
12.e5 Nc6a5
13.Qb3c2 Bd7xb5
14.exd6 Qe7xd6
15.Qc2e4 Ng8e7
16.Qe4xa8 Qd6d8
17.Qa8xd8 Kxd8
18.Nf3e5 Rh8f8
19.Rf1e1 f6
20.Bc1a3 Rf8e8
21.Ba3xe7 Re8xe7
22.Ne5g6 Re7xe1
23.Ra1xe1 Bb5d3
24.Ng6e7 Bd3c4
25.Ne7f5 Bc4xa2
26.Nf5xg7 Ba2f7
27.Ng7e6 Kc8
28.Ne6xc7 Kxc7
29.Re1e7 Kd6
30.Re7xf7 Na5c6
31.Rf7xf6 Kd5
32.c4 Kxc4
33.Rf6xc6 Kxd4
34.Rc6xh6 { resign }
1-0

[Event "Tourn. n10024"]
[Site "www.echecsemail.com"]
[Date "2018.12.29"]
[Round "1"]
[White "Sorim"]
[Black "Mitja"]
[WhiteElo "2080"]
[BlackElo "1950"]
[Result "1-0"]
[Round "1"]
1.e4 d5
2.e5 d4
3.c3 dxc3
4.bxc3 Qd8d5
5.d4 e6
6.Ng1f3 h6
7.Nb1d2 Ng8e7
8.Bf1c4 Qd5d8
9.O-O c6
10.a4 Ne7d5
11.Qd1b3 b6
12.Bc1a3 Bf8e7
13.Nd2e4 O-O
14.Ne4d6 Be7xd6
15.Ba3xd6 Rf8e8
16.Nf3d2 Bc8a6
17.a5 Ba6xc4
18.Nd2xc4 b5
19.Nc4e3 Nd5xe3
20.fxe3 a6
21.c4 Nb8d7
22.e4 Nd7f8
23.Rf1f3 Qd8h4
24.Qb3c2 Nf8g6
25.Ra1f1 Ra8a7
26.Rf3h3 Qh4g5
27.Rh3g3 Qg5d8
28.Rg3f3 Qd8xa5
29.Qc2f2 bxc4
30.Rf3xf7 Ra7xf7
31.Qf2xf7 Kh7
32.Qf7xe8 { resign }
1-0

[Event "Tourn. n10024"]
[Site "www.echecsemail.com"]
[Date "2018.12.29"]
[Round "1"]
[White "Luban"]
[Black "Sorim"]
[WhiteElo "2100"]
[BlackElo "2080"]
[Result "0-1"]
[Round "1"]
1.d4 d5
2.Ng1f3 c5
3.c4 dxc4
4.Qd1a4 Bc8d7
5.Qa4xc4 cxd4
6.Nf3xd4 Nb8c6
7.e3 Ng8f6
8.a3 Ra8c8
9.Nb1c3 e6
10.Nd4xc6 Bd7xc6
11.Qc4a2 Bf8d6
12.Bf1b5 O-O
13.Bb5xc6 Rc8xc6
14.O-O Nf6g4
15.g3 h5
16.Rf1d1 Qd8g5
17.e4 Qg5f6
18.f4 Bd6c5
19.Kg2 h4
20.e5 Qf6g6
21.Qa2b1 Qg6h5
22.Rd1h1 h3
23.Kf1 Ng4e3
24.Ke1 Qh5f3
25.Bc1xe3 Qf3xe3
26.Kd1 Rf8d8
27.Kc2 Qe3d3
28.Kb3 Rc6b6
29.Ka2 Qd3c4
{ resign }
0-1

[Event "Tourn. n10030"]
[Site "www.echecsemail.com"]
[Date "2018.12.29"]
[Round "1"]
[White "Mitja"]
[Black "Sorim"]
[WhiteElo "1960"]
[BlackElo "2080"]
[Result "0-1"]
[Round "1"]
1.d4 d5
2.e3 c5
3.dxc5 e5
4.c3 Bf8xc5
5.h3 Ng8f6
6.Nb1d2 Nb8c6
7.b3 Bc8f5
8.Bc1b2 O-O
9.Nd2f3 Qd8c7
10.Bf1e2 Rf8d8
11.Nf3d2 d4
12.cxd4 exd4
13.exd4 Nc6xd4
14.Ra1c1 Qc7e7
15.Bb2xd4 Bc5xd4
16.Ng1f3 Bd4b6
17.O-O Rd8d6
18.Qd1e1 Ra8d8
19.Nd2c4 Rd6e6
20.Nc4xb6 Re6xe2
21.Qe1a5 Bf5xh3
22.gxh3 axb6
23.Qa5xb6 Nf6d5
24.Qb6a5 b6
25.Qa5b5 Nd5f4
26.Qb5xb6 Nf4xh3
27.Kg2 Nh3f4
28.Kg3 Re2e6
{ resign }
0-1

[Event "Tourn. n9991"]
[Site "www.echecsemail.com"]
[Date "2018.12.29"]
[Round "1"]
[White "Gandalf50"]
[Black "Bojan"]
[WhiteElo "2200"]
[BlackElo "1990"]
[Result "1/2-1/2"]
[Round "1"]
1.e4 e5
2.Ng1f3 d6
3.Bf1c4 Qd8f6
4.d3 h6
5.Nb1c3 c6
6.a4 Bc8g4
7.h3 Bg4xf3
8.Qd1xf3 Qf6xf3
9.gxf3 Ng8e7
10.f4 Nb8d7
11.f5 Nd7b6
12.Bc4b3 a5
13.Bc1e3 Nb6d7
14.f4 g6
15.fxg6 fxg6
16.O-O-O O-O-O
17.Rd1f1 Bf8g7
18.Bb3e6 Kc7
19.Rh1g1 Bg7f6
20.Be6xd7 Rd8xd7
21.Nc3e2 d5
22.fxe5 Bf6xe5
23.Be3f4 Be5xf4
24.Ne2xf4 g5
25.Nf4e2 dxe4
26.dxe4 Ne7g6
27.Rf1f6 Ng6e5
28.Ne2c3 Rd7g7
29.Rf6f5 Ne5c4
30.b3 Nc4d6
31.Rf5f6 Rg7e7
32.Rg1e1 Kd7
33.e5 Nd6e8
34.e6 Kc7
35.Rf6f7 Re7xf7
36.exf7 Ne8d6
37.Re1e6 Kd7
38.Re6xh6 Nd6xf7
39.Rh6xh8 Nf7xh8
40.Nc3e4 Nh8f7
{ draw }
1/2-1/2

[Event "Tourn. n10020"]
[Site "www.echecsemail.com"]
[Date "2018.12.29"]
[Round "1"]
[White "Dougbeer"]
[Black "Tonino1"]
[WhiteElo "2480"]
[BlackElo "2340"]
[Result "1-0"]
[Round "1"]
1.e4 d6
2.f4 Ng8f6
3.Nb1c3 c6
4.Ng1f3 Qd8c7
5.Bf1e2 e5
6.O-O g6
7.d4 exd4
8.Qd1xd4 Bf8g7
9.Rf1d1 O-O
10.Qd4xd6 Qc7xd6
11.Rd1xd6 Rf8e8
12.e5 Nf6d7
13.Bc1e3 Bg7f8
14.Nc3e4 Bf8xd6
15.Ne4xd6 Re8f8
16.e6 fxe6
17.Be2c4 Nd7b6
18.Be3xb6 axb6
19.Nd6xc8 b5
20.Bc4xe6 Kg7
21.Ra1d1 Rf8e8
22.Rd1d6 Nb8a6
23.Rd6d7 Kf6
24.Nf3g5  { time }
1-0

[Event "Tourn. n10008"]
[Site "www.echecsemail.com"]
[Date "2018.12.29"]
[Round "1"]
[White "Pariolinius"]
[Black "Bojan"]
[WhiteElo "1860"]
[BlackElo "2020"]
[Result "0-1"]
[Round "1"]
1.e4 e5
2.Ng1f3 d6
3.d4 exd4
4.Nf3xd4 c5
5.Bf1b5 Bc8d7
6.Bb5xd7 Nb8xd7
7.Nd4f5 Nd7b6
8.Nb1c3 g6
9.Nf5g3 Bf8g7
10.Bc1d2 Qd8d7
11.O-O Ng8e7
12.Qd1c1 Ne7c6
13.Bd2h6 Bg7xh6
14.Qc1xh6 O-O-O
15.Ra1d1 Nc6d4
16.Rd1c1 Nb6c4
17.b3 Nc4a3
18.Qh6d2 h5
19.h3 Rd8e8
20.Rf1e1 f6
21.Nc3d5 Re8f8
22.c3 Nd4e6
23.c4 b5
24.Qd2a5 b4
25.Re1e3 Ne6d4
26.Ng3e2 Nd4c6
27.Qa5a4 Kb7
28.Ne2f4 Rh8g8
29.Nf4d3 a5
30.f4 Rf8e8
31.Nd5xf6 Qd7g7
32.Nf6xe8 Rg8xe8
33.e5 Kb6
34.e6 Qg7d4
{ resign }
0-1

[Event "Tourn. n10032"]
[Site "www.echecsemail.com"]
[Date "2018.12.29"]
[Round "1"]
[White "Picifarkinca"]
[Black "Bojan"]
[WhiteElo "1830"]
[BlackElo "2050"]
[Result "1-0"]
[Round "1"]
1.e4 e5
2.f4 exf4
3.Ng1f3 Nb8c6
4.d4 d5
5.e5 Bc8f5
6.Bf1d3 Bf5g4
7.c3 g5
8.O-O h6
9.Qd1b3 b6
10.Qb3a4 Bg4d7
11.Bd3b5 Nc6a5
12.Bb5xd7 Qd8xd7
13.Qa4xd7 Kxd7
14.Nb1d2 f6
15.b4 Na5c6
16.b5 Nc6a5
17.exf6 Ng8xf6
18.Nf3e5 Ke6
19.g3 fxg3
20.hxg3 Bf8e7
21.Kg2 Rh8g8
22.Bc1b2 Ra8c8
23.Ra1e1 Kd6
24.Bb2a3 Ke6
25.Ne5c6 Kf7
26.Re1xe7 Kg6
27.Nc6e5 { resign }
1-0

[Event "Match"]
[Site "www.echecsemail.com"]
[Date "2018.12.29"]
[Round "1"]
[White "Dussek"]
[Black "Blackorblanc"]
[WhiteElo "1850"]
[BlackElo "1649"]
[Result "1-0"]
[Round "1"]
1.e4 g5
2.Nb1c3 h5
3.b3 Bf8g7
4.Bc1b2 g4
5.Bf1c4 e6
6.d4 c6
7.Ng1e2 d5
8.Bc4d3 dxe4
9.Nc3xe4 f5
10.Ne4c3 Qd8g5
11.Bb2c1 Qg5e7
12.Bc1b2 b6
13.O-O Ng8f6
14.Ne2f4 Qe7d6
15.Nf4g6 Rh8h6
16.Ng6e5 Qd6xd4
17.Nc3b5 Qd4xb2
18.Nb5c7 Ke7
19.Nc7xa8 Qb2xe5
20.Rf1e1  { time }
1-0

[Event "Tourn. n9977"]
[Site "www.echecsemail.com"]
[Date "2018.12.29"]
[Round "1"]
[White "Ditto"]
[Black "Luban"]
[WhiteElo "1870"]
[BlackElo "2050"]
[Result "0-1"]
[Round "1"]
1.d4 d5
2.Ng1f3 c6
3.Bc1f4 Bc8g4
4.e3 Ng8f6
5.h3 Bg4xf3
6.Qd1xf3 Nb8d7
7.Bf1d3 h6
8.Nb1d2 e6
9.O-O-O c5
10.dxc5 Bf8xc5
11.Nd2b3 Bc5e7
12.Bd3b5 a6
13.Bb5d3 e5
14.Bf4g3 e4
15.Qf3e2 exd3
16.Qe2xd3 O-O
17.Nb3d4 Nf6e4
18.Nd4f5 Ne4xg3
19.Nf5xg3 Nd7f6
20.Ng3f5 Rf8e8
21.g4 Be7c5
22.Rh1g1 Ra8c8
23.g5 hxg5
24.Rg1xg5 Bc5f8
25.h4 Nf6e4
26.Qd3e2 Ne4xg5
27.hxg5 g6
28.Nf5d4 Qd8xg5
29.Nd4f3 Qg5d8
30.Rd1h1 Kg7
31.Nf3d4 Bf8c5
32.Nd4b3 Re8h8
33.Rh1g1 Qd8f6
34.Qe2d3 Qf6xf2
35.Rg1d1 Bc5xe3
36.Kb1 Rh8h2
37.Nb3a1 d4
38.a3 Rc8h8
39.b4 Rh2h1
40.Rd1xh1 Rh8xh1
41.Ka2 Qf2e1
42.Kb3 b5
43.a4 Qe1b1
44.Ka3 Qb1xa1
45.Kb3 Rh1b1

0-1

[Event "Match"]
[Site "www.echecsemail.com"]
[Date "2018.12.29"]
[Round "1"]
[White "Blackorblanc"]
[Black "Paco"]
[WhiteElo "1649"]
[BlackElo "2000"]
[Result "0-1"]
[Round "1"]
1.Nb1c3 d5
2.b4 d4
3.Nc3e4 Bc8f5
4.Ne4g3 Bf5g6
5.Bc1b2 Nb8c6
6.a3 e5
7.c3 Ng8f6
8.Ng1f3 e4
9.Nf3xd4 Nc6e5
10.Qd1c2 e3
11.Qc2a4 c6
12.fxe3 Qd8b6
13.h4 O-O-O
 { time }
0-1

[Event "Tourn. n9987"]
[Site "www.echecsemail.com"]
[Date "2018.12.29"]
[Round "1"]
[White "Comrade"]
[Black "Coolant"]
[WhiteElo "2290"]
[BlackElo "2350"]
[Result "0-1"]
[Round "1"]
1.c4 Ng8f6
2.Nb1c3 c5
3.g3 Nb8c6
4.Bf1g2 e6
5.e3 d5
6.cxd5 exd5
7.d4 Bc8e6
8.Ng1e2 Qd8b6
9.dxc5 Bf8xc5
10.O-O Qb6d8
11.a3 a5
12.Nc3b5 Qd8b6
13.Ne2c3 Ra8d8
14.Qd1d3 Nc6e5
15.Qd3e2 O-O
16.b3 Qb6a6
17.Bc1b2 Ne5d7
18.b4 Bc5d6
19.Nb5xd6 Qa6xd6
20.Rf1d1 axb4
21.axb4 Rf8e8
22.Nc3b5 Qd6b8
23.Bb2d4 Nd7e5
24.Bd4a7 Qb8c8
25.Rd1c1 Ne5c4
26.Ba7d4 Be6g4
27.f3 Bg4h3
28.Nb5a3 Bh3xg2
29.Kxg2 b5
30.Na3xb5 Qc8b7
31.Nb5a7 Nc4xe3
32.Bd4xe3 d4
33.Rc1d1 Nf6g4
34.Ra1a3 dxe3
35.Ra3xe3 Ng4xe3
36.Qe2xe3 Rd8a8
{ resign }
0-1

[Event "Tourn. n10026"]
[Site "www.echecsemail.com"]
[Date "2018.12.30"]
[Round "1"]
[White "Rons"]
[Black "Tonino1"]
[WhiteElo "2670"]
[BlackElo "2340"]
[Result "1-0"]
[Round "1"]
1.e4 d6
2.d4 Ng8f6
3.Nb1c3 c6
4.f4 Qd8c7
5.Ng1f3 g6
6.Bf1d3 Bf8g7
7.O-O O-O
8.Qd1e1 Nb8d7
9.e5 dxe5
10.fxe5 Nf6e8
11.Nf3g5 e6
12.Qe1h4 h6
13.Ng5f3  { time }
1-0

[Event "Match"]
[Site "www.echecsemail.com"]
[Date "2018.12.30"]
[Round "1"]
[White "Dalwhite"]
[Black "Silverking"]
[WhiteElo "1789"]
[BlackElo "2299"]
[Result "1-0"]
[Round "1"]
1.d4 d5
2.Nb1c3 Ng8f6
3.f3 e6
4.Bc1e3 b6
5.g3 c5
6.Be3f4 Bf8d6
7.e4 Bd6xf4
8.gxf4 dxe4
9.fxe4 O-O
{ time. }
1-0

[Event "Match"]
[Site "www.echecsemail.com"]
[Date "2018.12.30"]
[Round "1"]
[White "Coraza"]
[Black "Iko"]
[WhiteElo "1750"]
[BlackElo "1740"]
[Result "1-0"]
[Round "1"]
1.e4 e5
2.Ng1f3 Ng8f6
3.Nb1c3 Nb8c6
4.Bf1b5 a6
5.Bb5c4 b5
6.Bc4xf7 Kxf7
7.Nf3g5 Kg6
8.d3 h6
9.Ng5f3 d6
10.Nf3h4 Kh7
11.Qd1f3 Nc6d4
12.Qf3d1 g5
13.Nh4f3 Bc8g4
14.Bc1e3 Bg4xf3
15.gxf3 b4
16.Nc3e2 Nd4xf3
17.Kf1 Qd8d7
18.Ne2g3 Qd7h3
19.Ke2 Nf3xh2
20.Qd1g1 Qh3g4
21.f3 Qg4xf3
22.Kd2 Nh2g4
23.Be3xg5 Kg6
24.Ra1f1 Qf3xf1
25.Qg1xf1 Kxg5
26.Qf1f5 
1-0

[Event "Tourn. n9994"]
[Site "www.echecsemail.com"]
[Date "2018.12.30"]
[Round "1"]
[White "Mitja"]
[Black "Ditto"]
[WhiteElo "1920"]
[BlackElo "1900"]
[Result "0-1"]
[Round "1"]
1.d4 d5
2.e3 Bc8f5
3.c3 Nb8c6
4.h3 e6
5.Ng1e2 Ng8f6
6.Ne2g3 Bf5g6
7.Bf1d3 Bg6xd3
8.Qd1xd3 Bf8d6
9.b3 O-O
10.Bc1b2 Rf8e8
11.Nb1d2 Nc6e7
12.Qd3e2 Ne7g6
13.Nd2f3 a6
14.O-O Ra8b8
15.c4 dxc4
16.Qe2xc4 Nf6d5
17.Rf1e1 b5
18.Qc4c1 Nd5b4
19.Re1d1 Nb4d5
20.Ng3e4 Nd5b4
21.Ne4xd6 Qd8xd6
22.a3 Nb4d5
23.b4 Rb8c8
24.Qc1d2 Nd5b6
25.Ra1c1 Nb6d5
26.Qd2d3 Nd5b6
27.h4 Nb6c4
28.Bb2a1 Qd6d5
29.Nf3e5 Ng6xh4
30.Ne5f3 Nh4xf3
31.gxf3 Qd5xf3
32.Kf1 Rc8d8
33.Rd1e1 Rd8d5
{ resign }
0-1

[Event "Tourn. n10025"]
[Site "www.echecsemail.com"]
[Date "2018.12.30"]
[Round "1"]
[White "Osopanda"]
[Black "Alcon"]
[WhiteElo "1720"]
[BlackElo "1850"]
[Result "0-1"]
[Round "1"]
1.e4 d6
2.d4 g6
3.Ng1f3 Bf8g7
4.Nb1c3 Ng8f6
5.Bf1b5 c6
6.Bb5e2 O-O
7.O-O Bc8g4
8.h3 Bg4xf3
9.Be2xf3 Nb8d7
 { time }
0-1

[Event "Match"]
[Site "www.echecsemail.com"]
[Date "2018.12.30"]
[Round "1"]
[White "Witpar"]
[Black "Tonino1"]
[WhiteElo "2740"]
[BlackElo "2120"]
[Result "1-0"]
[Round "1"]
1.d4 d6
2.Ng1f3 Ng8f6
3.c4 c6
4.Nb1c3 Qd8c7
5.e4 e5
6.Bf1e2 g6
7.O-O Bf8g7
8.Ra1b1 O-O
9.b4 Nb8d7
10.dxe5 dxe5
11.a4 Rf8d8
12.Qd1c2 Nd7f8
13.Bc1e3 Nf6g4
14.Be3g5 f6
15.Bg5d2 Bc8e6
16.c5 Bg7h6
17.a5 f5
18.h3 Bh6xd2
19.hxg4 Bd2xc3
20.gxf5 gxf5
21.exf5 Bc3d4
22.fxe6 Nf8xe6
23.Be2c4 Rd8e8
24.Nf3g5 Qc7d7
25.Qc2f5  { time }
1-0

[Event "Tourn. n10038"]
[Site "www.echecsemail.com"]
[Date "2018.12.30"]
[Round "1"]
[White "Luban"]
[Black "Fantomas"]
[WhiteElo "2130"]
[BlackElo "2230"]
[Result "1-0"]
[Round "1"]
1.d4 d5
2.Ng1f3 Ng8f6
3.h3 e6
4.e3 Bf8d6
5.c4 dxc4
6.Bf1xc4 O-O
7.O-O Nb8c6
8.a3 b6
9.Nb1c3 a6
10.e4 Bd6e7
11.Bc1f4 Nc6a5
12.Bc4a2 Na5b7
13.Rf1e1 h6
14.d5 Be7d6
15.e5 { resign }
1-0

[Event "Tourn. n10001"]
[Site "www.echecsemail.com"]
[Date "2018.12.30"]
[Round "1"]
[White "Zorkvonblitz"]
[Black "Cal"]
[WhiteElo "1649"]
[BlackElo "1810"]
[Result "0-1"]
[Round "1"]
1.Nb1c3 e5
2.Nc3e4 d5
3.Ne4g3 Nb8c6
4.e4 d4
5.Bf1c4 Ng8f6
6.Ng1f3 h6
7.d3 Bf8b4
8.Bc1d2 Bc8g4
9.h3 Bg4xf3
10.gxf3 a6
11.a3 Bb4xd2
12.Qd1xd2 O-O
13.Ng3f5 Kh7
14.f4 Nf6h5
15.fxe5 Nc6xe5
16.Qd2e2 g6
17.O-O-O Nh5f4
18.Qe2d2 gxf5
19.Qd2xf4 Qd8d6
20.Qf4xf5 Ne5g6
21.h4 Qd6f4
22.Kb1 Qf4d6
 { time }
0-1

[Event "1/64 Finale"]
[Site "www.chess-mail.com"]
[Date "2018.12.30"]
[Round "1"]
[White "Hennie4820"]
[Black "Gvladutz"]
[WhiteElo "1960"]
[BlackElo "2490"]
[Result "0-1"]
[Round "1"]
1.e4 c5
2.Ng1f3 Nb8c6
3.d4 cxd4
4.Nf3xd4 Ng8f6
5.Nb1c3 d6
6.Bf1c4 Bc8d7
7.Bc1e3 e6
8.O-O Bf8e7
9.a3 O-O
10.f3 Nc6e5
11.Bc4b3 Ra8c8
12.h3 a6
13.Qd1e1 Ne5c4
14.Bb3xc4 Rc8xc4
15.Qe1g3 e5
16.Nd4e2 Bd7e6
17.Ra1d1 Qd8c7
18.Rd1d3 Rc4c6
19.Rf1d1 Nf6e8
20.f4 f5
21.fxe5 dxe5
22.exf5 Rf8xf5
23.Kh1 Ne8d6
24.Kg1 Nd6c4
25.Be3c1 Nc4b6
26.Rd1f1 Be7c5
27.Kh1 Rf5xf1
{ resign }
0-1

[Event "1/64 Finale"]
[Site "www.chess-mail.com"]
[Date "2018.12.30"]
[Round "1"]
[White "Mitja"]
[Black "Szustan"]
[WhiteElo "1950"]
[BlackElo "2600"]
[Result "0-1"]
[Round "1"]
1.d4 d5
2.e3 e6
3.c3 Bf8d6
4.b3 Ng8f6
5.Nb1d2 O-O
6.Bf1d3 c5
7.dxc5 Bd6xc5
8.Bc1b2 e5
9.Bd3c2 Nb8c6
10.Ng1h3 d4
11.cxd4 exd4
12.Nd2c4 Bc8g4
13.Qd1d3 Nc6b4
14.Qd3d2 Nb4xc2
15.Qd2xc2 Bc5b4
16.Kf1 d3
{ resign }
0-1

[Event "Match"]
[Site "www.echecsemail.com"]
[Date "2018.12.31"]
[Round "1"]
[White "Carsontwhite"]
[Black "Logout"]
[WhiteElo "1339"]
[BlackElo "2150"]
[Result "0-1"]
[Round "1"]
1.d4 d5
2.e4 dxe4
3.c4 Ng8f6
4.b3 e6
5.Nb1c3 Nb8c6
6.g4 Qd8xd4
7.Bc1b2 e5
8.Bf1e2 Qd4xd1
9.Kxd1 Bc8xg4
10.Ng1f3 exf3
11.Rh1e1 O-O-O
12.Kc1 fxe2
13.Kc2 Bf8b4
14.a3 Bb4xc3
15.Bb2xc3 Nf6e4
16.Bc3b2 Ne4xf2
17.Re1c1 Nf2d1
18.Rc1xd1 Rd8xd1
19.Ra1xd1 exd1Q
20.Kc3 Rh8d8
21.h4 Qd1d2

0-1

[Event "Tourn. n10014"]
[Site "www.echecsemail.com"]
[Date "2018.12.31"]
[Round "1"]
[White "Tonino1"]
[Black "Drill64"]
[WhiteElo "2300"]
[BlackElo "2260"]
[Result "1-0"]
[Round "1"]
1.d4 Ng8f6
2.Ng1f3 e6
3.e3 c5
4.Bf1d3 cxd4
5.exd4 b6
6.O-O Bc8b7
7.Nb1d2 Bf8e7
8.c3 O-O
9.Qd1e2 d6
10.Rf1e1 Nb8d7
11.h4 Qd8c7
12.Nf3g5 h6
13.Ng5xe6 fxe6
14.Qe2xe6 Rf8f7
15.Bd3g6 Qc7c6
16.Bg6xf7 Kh8
17.d5 Nf6xd5
18.Qe6xd5 Qc6xd5
19.Bf7xd5 Bb7xd5
20.Re1xe7 Nd7c5
21.b4 Nc5d3
22.Bc1a3 Ra8f8
23.f3 Rf8f6
24.c4 Bd5e6
25.Nd2e4 { resign }
1-0

[Event "Match"]
[Site "www.echecsemail.com"]
[Date "2018.12.31"]
[Round "1"]
[White "Blackorblanc"]
[Black "Pinehill"]
[WhiteElo "1649"]
[BlackElo "2090"]
[Result "0-1"]
[Round "1"]
1.Nb1c3 Ng8f6
2.f4 e6
3.Ng1f3 d5
4.e3 Bf8e7
5.h3 O-O
6.g4 Nf6e4
7.Nc3xe4 dxe4
8.Nf3e5 Nb8d7
9.Ne5xd7 Bc8xd7
10.g5 f5
11.b3 c5
12.c4 e5
13.Bc1b2 exf4
14.exf4 Be7xg5
15.fxg5 Qd8xg5
 { time }
0-1

[Event "Match"]
[Site "www.echecsemail.com"]
[Date "2018.12.31"]
[Round "1"]
[White "Tonino1"]
[Black "Cvilhena1976"]
[WhiteElo "2140"]
[BlackElo "2210"]
[Result "0-1"]
[Round "1"]
1.f4 d5
2.d4 Bc8f5
3.e3 Ng8f6
4.Bf1d3 e6
5.Ng1f3 Bf8e7
6.O-O O-O
7.c3 Bf5xd3
8.Qd1xd3 c5
9.Nb1d2 Qd8c7
10.Nf3e5 c4
11.Qd3e2 Rf8e8
12.e4 Nb8c6
13.Ne5xc6 Qc7xc6
14.e5 Nf6d7
15.Nd2f3 Nd7f8
16.Nf3g5 h6
17.Ng5h3 Qc6d7
18.Bc1e3 Nf8g6
19.Qe2h5 Ng6h4
20.g4 Re8f8
21.f5 exf5
22.gxf5 g6
23.f6 gxh5
24.fxe7 Qd7g4
 { time }
0-1

[Event "Match"]
[Site "www.echecsemail.com"]
[Date "2018.12.31"]
[Round "1"]
[White "Pinehill"]
[Black "Apdash"]
[WhiteElo "2090"]
[BlackElo "2290"]
[Result "0-1"]
[Round "1"]
1.e4 e5
2.Ng1f3 d6
3.d4 exd4
4.Nf3xd4 Ng8f6
5.Nb1c3 Bf8e7
6.Bf1c4 O-O
7.f3 a6
8.O-O c5
9.Nd4f5 Bc8xf5
10.exf5 b5
11.Bc4d5 Ra8a7
12.Nc3e4 Nb8d7
13.Ne4g5 Nf6xd5
14.Qd1xd5 Be7xg5
15.Bc1xg5 Nd7f6
16.Ra1d1 Nf6xd5
17.Bg5xd8 Nd5e3
18.Bd8b6 Ra7b7
19.Rd1xd6 Ne3xf5
20.Rd6d5 Nf5e3
21.Bb6xc5 Ne3xd5
22.Bc5xf8 Kxf8
23.Rf1e1 Nd5b4
24.c3 Nb4d3
25.Re1e2 Rb7e7
26.Re2xe7 Kxe7
{ resign }
0-1

[Event "Match"]
[Site "www.echecsemail.com"]
[Date "2018.12.31"]
[Round "1"]
[White "Joseph1983"]
[Black "Zack1984"]
[WhiteElo "2240"]
[BlackElo "2360"]
[Result "0-1"]
[Round "1"]
1.Ng1f3 d5
2.d4 c5
3.e3 e6
4.b3 Nb8c6
5.Bc1b2 Ng8f6
6.Bf1d3 b6
7.Nb1d2 Bc8b7
8.Qd1e2 Bf8e7
9.O-O O-O
10.c4 Nc6b4
11.Bd3b1 a5
12.Rf1d1 a4
13.Nf3e5 a3
14.Bb2c3 Qd8c7
15.dxc5 bxc5
16.Nd2f3 Be7d6
17.Ne5d3 Nf6e4
18.Bc3xb4 cxb4
19.Qe2e1 dxc4
20.Nd3xb4 Qc7b6
21.Nb4c2 cxb3
22.axb3 Rf8c8
23.Nc2d4 Bd6b4
24.Qe1f1 Ne4c3
{ resign }
0-1

[Event "Tourn. n10015"]
[Site "www.echecsemail.com"]
[Date "2018.12.31"]
[Round "1"]
[White "Osopanda"]
[Black "Picifarkinca"]
[WhiteElo "1640"]
[BlackElo "1890"]
[Result "0-1"]
[Round "1"]
1.e4 c6
2.d4 d5
3.Nb1c3 dxe4
4.Nc3xe4 Bc8f5
5.Qd1f3 Bf5xe4
6.Qf3xe4 Qd8d5
7.Bf1d3 Qd5xe4
8.Bd3xe4 Ng8f6
9.Be4d3 e6
10.c4 Nb8a6
11.Ng1f3 Ra8d8
12.Bc1e3 Na6c7
13.O-O-O Bf8e7
14.Rh1e1 O-O
15.Bd3e2 Be7b4
16.Be3d2 Bb4xd2
 { time }
0-1

[Event "Match"]
[Site "www.echecsemail.com"]
[Date "2018.12.31"]
[Round "1"]
[White "Comrade"]
[Black "Tonino1"]
[WhiteElo "2290"]
[BlackElo "2120"]
[Result "1-0"]
[Round "1"]
1.d4 d6
2.c4 Ng8f6
3.Nb1c3 c6
4.e4 g6
5.Ng1f3 Qd8c7
6.h3 e5
7.d5 c5
8.Bf1e2 a6
9.a4 Bf8g7
10.a5 Nb8d7
11.Bc1d2 O-O
12.O-O h6
13.Nf3h4 Kh7
14.Qd1c2 Nf6g8
15.Nc3d1 Qc7d8
16.g3 Ng8e7
17.Nd1e3 Bg7f6
18.Nh4g2 Bf6g7
19.g4 Ne7g8
20.b4 cxb4
21.Bd2xb4 Nd7c5
22.Bb4xc5 dxc5
23.Be2d3 Ng8e7
24.Rf1b1 Qd8c7
25.Rb1b6 f6
26.d6 Qc7d7
27.dxe7 Qd7xe7
28.Ne3d5 Qe7f7
29.f4 exf4
30.Ng2xf4 f5
31.exf5 gxf5
32.gxf5 Bg7xa1
33.f6 Kh8
34.Nf4g6 Qf7xg6
35.Bd3xg6 Ba1d4
36.Kg2  { time }
1-0

[Event "1/32 Finale"]
[Site "www.chess-mail.com"]
[Date "2018.12.31"]
[Round "1"]
[White "Numanoid"]
[Black "Bojan"]
[WhiteElo "2650"]
[BlackElo "2000"]
[Result "1-0"]
[Round "1"]
1.e4 e5
2.d4 exd4
3.Ng1f3 Bf8c5
4.Nf3xd4 h6
5.Bc1e3 b6
6.Bf1c4 Bc8b7
7.Nb1c3 c6
8.Qd1f3 Qd8e7
9.Nd4f5 Qe7f6
10.Be3xc5 bxc5
11.O-O-O Ng8e7
12.Nf5d6 Kd8
13.Qf3xf6 gxf6
14.Nd6xf7 Kc7
15.Nf7xh8 Nb8a6
16.Nh8f7 Ra8f8
17.Nf7xh6 Ne7g6
18.Nh6f5 Ng6e5
19.Bc4e2 c4
20.Nf5d6 Na6c5
21.Nd6xb7 Kxb7
22.h4 f5
23.f3 fxe4
24.Nc3xe4 d5
25.Ne4xc5 { resign }
1-0